Príprava modifikovaného grafénoxidu pre NMR štruktúrnu analýzu prostredníctvom reziduálnych dipólovo-dipólových interakcií

Gespeichert in:
Bibliographische Detailangaben
1. Verfasser: Intabliová, Diana (Verfasst von)
Weitere Verfasser: Doháňošová, Jana (Betreuung Doktorarbeit)
Format: Manuskript Buch
Sprache:Slowakisch
Veröffentlicht: 2018
Schlagworte:
Online-Zugang:http://is.stuba.sk/zp/portal_zp.pl?podrobnosti=136285
Tags: Tag hinzufügen
Keine Tags, Fügen Sie das erste Tag hinzu!

MARC

LEADER 00000ntm a22000003a 4500
001 stuzp70006
003 SK-STU
005 20180602211555.8
007 ta
008 150427s2015----xo-----f-mn---000-0-slo-d
040 |a STU  |b slo 
041 0 |a slo 
100 1 |a Intabliová, Diana  |u 040630  |4 aut  |U FCHPT Fakulta chemickej a potravinárskej technológie  |T FCHPT Centrálne laboratóriá FCHPT  |X 63939  |U C0630  |Y 687  |7 63939 
242 0 1 |a Preparation of Modified Graphene Oxide for the NMR Structural Analysis Using Residual Dipolar Couplings  |y eng 
245 1 0 |a Príprava modifikovaného grafénoxidu pre NMR štruktúrnu analýzu prostredníctvom reziduálnych dipólovo-dipólových interakcií 
260 |c 2018 
650 4 |a RDC  |2 slo 
650 4 |a grafénoxid  |2 slo 
650 4 |a oxykodol  |2 slo 
650 4 |a NMR spektroskopia  |2 slo 
650 4 |a graphene oxide  |2 eng 
650 4 |a RDC  |2 eng 
650 4 |a oxycodole  |2 eng 
650 4 |a NMR spectroscopy  |2 eng 
700 1 |a Doháňošová, Jana  |u 040630  |k Z2  |4 ths  |U FCHPT Fakulta chemickej a potravinárskej technológie  |T FCHPT Centrálne laboratóriá FCHPT  |X 25482  |U C0630  |Y 687  |7 A000025482 
856 4 |u http://is.stuba.sk/zp/portal_zp.pl?podrobnosti=136285